Catálogo
 En Linea

Abrir el fuego : (Registro nro. 23463)

Detalles MARC
000 -CABECERA
campo de control de longitud fija 00899nam a2200289 a 4500
001 - NÚMERO DE CONTROL
campo de control 000023967
003 - IDENTIFICADOR DEL NÚMERO DE CONTROL
campo de control OSt
005 - FECHA Y HORA DE LA ÚLTIMA TRANSACCIÓN
campo de control 20200930022616.0
008 - DATOS DE LONGITUD FIJA--INFORMACIÓN GENERAL
campo de control de longitud fija 110117s1969 ve r 000 f spa d
040 ## - FUENTE DE LA CATALOGACIÓN
Centro catalogador/agencia de origen DO-SdBNP
Lengua de catalogación spa
Centro/agencia transcriptor BNPHU
082 ## - NÚMERO DE LA CLASIFICACIÓN DECIMAL DEWEY
Número de clasificación 853.912
Número de documento/Ítem B577a
100 1# - ENTRADA PRINCIPAL--NOMBRE DE PERSONA
Nombre de persona Bianciardi, Luciano,
9 (RLIN) 41841
Fechas asociadas al nombre 1922-1971
240 10 - TÍTULO UNIFORME
Título uniforme Aprire il fuoco.
Lenguaje de la obra Español
245 10 - MENCIÓN DE TÍTULO
Título Abrir el fuego :
Resto del título novela /
Mención de responsabilidad, etc. Luciano Bianciardi ; traducción de Eugenio Guasta.
260 ## - PUBLICACIÓN, DISTRIBUCIÓN, ETC.
Lugar de publicación, distribución, etc. Venezuela :
Nombre del editor, distribuidor, etc. Monte Ávila,
Fecha de publicación, distribución, etc. 1969.
300 ## - DESCRIPCIÓN FÍSICA
Extensión 225 p. ;
Dimensiones 20 cm.
490 1# - MENCIÓN DE SERIE
Mención de serie Prisma ;
504 ## - NOTA DE BIBLIOGRAFÍA, ETC.
Nota de bibliografía, etc. Incluye referencias bibliográficas y notas al pie de las páginas.
590 ## - NOTA LOCAL (RLIN)
Nota local Inventariado, 2020/YL
650 #4 - PUNTO DE ACCESO ADICIONAL DE MATERIA--TÉRMINO DE MATERIA
Término de materia o nombre geográfico como elemento de entrada Novela italiana
9 (RLIN) 4322
650 #4 - PUNTO DE ACCESO ADICIONAL DE MATERIA--TÉRMINO DE MATERIA
Término de materia o nombre geográfico como elemento de entrada Literatura italiana
9 (RLIN) 3329
700 1# - PUNTO DE ACCESO ADICIONAL--NOMBRE DE PERSONA
Nombre de persona Guasta, Eugenio,
Término indicativo de función/relación tr.
9 (RLIN) 49302
830 #0 - PUNTO DE ACCESO ADICIONAL DE SERIE-TÍTULO UNIFORME
Título uniforme Prisma
9 (RLIN) 3770
910 ## - DATOS DE OPCIÓN DEL USUARIO (OCLC)
Datos de opción del usuario En proceso
942 ## - ELEMENTOS DE PUNTO DE ACCESO ADICIONAL (KOHA)
Fuente del sistema de clasificación o colocación Dewey Decimal Classification
Tipo de ítem Koha Libros y folletos
956 ## - LOCALIZACIÓN Y ACCESO ELECTRÓNICOS LOCAL (OCLC)
Nombre del host YLOCKWARD
Existencias
Estado de retiro Estado de pérdida Fuente del sistema de clasificación o colocación Restricciones de uso No para préstamo Código de colección Localización permanente Ubicación/localización actual Ubicación en estantería Fecha de adquisición Fuente de adquisición Número de inventario Total de préstamos Signatura topográfica completa Código de barras Fecha visto por última vez Precio válido a partir de Tipo de ítem Koha Número de copia
    Dewey Decimal Classification   Excluido de préstamo Monografías: Libros y Folletos General General En catalogación 17.01.2011 Donación LF1   853.912 B577a 23967-10 25.06.2020 25.06.2020 No se presta  
  Extraviado Dewey Decimal Classification   Excluido de préstamo Monografías: Libros y Folletos General General Extraviado 26.01.2011   LF1   853.912 B577a 23967-20 25.06.2020 25.06.2020 No se presta e.2
  Extraviado Dewey Decimal Classification     Monografías: Libros y Folletos General General Extraviado 24.04.2017   LF1   853.912 B577a 23967-30 25.06.2020 25.06.2020 Préstamo en sala e.3

Con tecnología Koha